000 00837nam a2200217 a 4500
001 000041452
005 20201002034912.0
008 131007s2000 sp 000 0 spa d
020 _a8400079906
040 _aDO-SdBNP
_bspa
_cBNPHU
082 _axxx
_bF727e
100 1 _aForner, Juan Pablo,
_d1756-1797.
_913680
245 1 0 _aExequias de la lengua castellana :
_bSátira Menipea /
_cJuan Pablo Forner ; edición crítica de José Jurado.
260 _aMadrid :
_bConsejo Superior de Investigaciones Científicas,
_c2000.
300 _aCII, 433 p. ;
_c25 cm.
490 1 _aBiblioteca de filología hispánica
_v23
500 _aIncluye referencias bibliográficas y notas al pie de las páginas.
504 _aBibliografía: p. 93
700 1 2 _aJurado, José,
_eed,
_915363
830 0 _aBiblioteca de filología hispánica ;
_n23
_968123
999 _c40942
_d40942